BIBLIOTHÈQUE DE LA MAISON DU MEXIQUE

Logo 1 Logo 2

Alejandro Rangel Hidalgo (notice nᵒ 12698)

détails MARC
000 -Sello discográfico
campo de control de longitud fija 01010nam a2200277 4500
005 - Identificación de versión
campo de control 20260325141517.0
010 ## - Número Estándar Internacional de Libros (ISBN)
Número (ISBN) 968-5556-30-X
099 ## - fechas locales
Tipo de ítem Koha LIBRO
100 ## - Datos de procesamiento general
Datos de procesamiento general 20260318d2003 u||y0spay50 ba
101 ## - Idioma del recurso
Idioma del texto, banda sonora, etc. Español; Castellano
105 ## - Campo de datos codificados: Material textual, monográfico
Datos codificados de monografía a 001zy
200 ## - Título y mención de responsabilidad
Título propio Alejandro Rangel Hidalgo
Designación general del material texto impreso
Otra información del título artista y cuentacuentos
Primer mención de responsabilidad Guillermo García Oropeza
205 ## - Declaración de edición
Declaración de edición 1a ed
210 ## - Publicación, distribución, etc.
Lugar de publicación, distribución, etc. México
Nombre del editor, distribuidor, etc. Gobierno del Estado de Colima, Secretaría de Cultura
-- Fomento Cultural Banamex
-- Consejo Nacional para la Cultura y las Artes
Fecha de publicación, distribución, etc. 2003
215 ## - Descripción física
Designación de material específico y extensión del ítem 304 p
Otras características físicas il.
Dimensiones 29 cm
345 ## - Nota de información de adquisición
Fuente de adquisición/dirección de la suscripción [OBSOLETO] Donación
600 ## - Nombre personal usado como materia
Elemento de entrada Rangel Hidalgo
Parte del nombre distinta del elemento de entrada Alejandro
Fechas 1923-2000
Subdivisión temática Crítica e interpretación
Número Koha 19551
606 ## - Término temático usado como materia
Elemento de entrada Pintores
Subdivisión geográfica México
Subdivisión temática Biografía
Número Koha 5311
606 ## - Término temático usado como materia
Elemento de entrada Artistas
Subdivisión geográfica México
Subdivisión temática Biografía
Número Koha 5413
660 ## - Código de área geográfica
Código MX
700 ## - Nombre personal - Responsabilidad primaria
Elemento de entrada García Oropeza
Parte del nombre distinta del elemento de entrada Guillermo
Fechas 1937-2019
Número Koha 1959
801 ## - Fuente de origen
País FR
Agencia cm
Reglas de catalogación (convenciones descriptivas) AFNOR
942 ## - ELEMENTOS DE ENTRADA SECUNDARIOS (KOHA)
Tipo de ítem Koha Livre
Exemplaires
Estatus retirado Estado de daño Estado de pérdida Fuente de la clasificación o esquema de estantería Fecha de adquisición Biblioteca de origen Biblioteca actual Código de barras Precio de reemplazo Signatura topográfica completa No para préstamo Tipo de ítem Koha Nota no pública
      Clasificación Decimal Dewey 18/03/2026 Casa México Paris Casa México Paris 011353 18/03/2026 F759.972 R196a No se presta a domicilio Livre 751145101